000 00641cam a22002293a 4500
001 14407
003 PGUSA
005 20140828083316.0
008 041221s2004||||xxu|||||s|||||000 1 eng d
040 _aPGUSA
_beng
042 _adc
050 4 _aPZ
100 1 _aPotter, Beatrix,
_d1866-1943
245 1 4 _aThe Tale of Benjamin Bunny
_h[electronic resource] /
_cBeatrix Potter
260 _bProject Gutenberg,
_c2004
506 _aPublic domain in the USA.
516 _aElectronic text
653 _aRabbits -- Juvenile fiction
830 0 _aProject Gutenberg
_v14407
856 4 0 _uhttp://www.gutenberg.org/ebooks/14407
942 _cEB
999 _c243662
_d243662